The work trap / (Record no. 9465)
[ view plain ]
| 000 -LEADER | |
|---|---|
| fixed length control field | 00743nam a2200265 i 4500 |
| 001 - CONTROL NUMBER | |
| control field | 4514985 |
| 003 - CONTROL NUMBER IDENTIFIER | |
| control field | OCoLC |
| 005 - DATE AND TIME OF LATEST TRANSACTION | |
| control field | 20210114163736.0 |
| 008 - FIXED-LENGTH DATA ELEMENTS--GENERAL INFORMATION | |
| fixed length control field | 781212s1979 nju b 001 0 eng |
| 010 ## - LIBRARY OF CONGRESS CONTROL NUMBER | |
| LC control number | 78-27656 |
| 020 ## - INTERNATIONAL STANDARD BOOK NUMBER | |
| International Standard Book Number | 0800709721 : |
| 035 ## - SYSTEM CONTROL NUMBER | |
| System control number | 2623912 |
| 040 ## - CATALOGING SOURCE | |
| Original cataloging agency | DLC |
| Transcribing agency | DLC |
| Modifying agency | OSU |
| 050 ## - LIBRARY OF CONGRESS CALL NUMBER | |
| Classification number | HF5548.8 |
| Item number | .E53 |
| 050 00 - LIBRARY OF CONGRESS CALL NUMBER | |
| Classification number | HF5548.8 |
| Item number | .E53 |
| 100 1# - MAIN ENTRY--PERSONAL NAME | |
| Personal name | Engstrom, Ted W. |
| Fuller form of name | (Ted Wilhelm), |
| Dates associated with a name | 1916- |
| 245 14 - TITLE STATEMENT | |
| Title | The work trap / |
| Statement of responsibility, etc. | Ted W. Engstrom and David J. Juroe |
| 260 ## - PUBLICATION, DISTRIBUTION, ETC. | |
| Place of publication, distribution, etc. | Old Tappan, N.J. : |
| Name of publisher, distributor, etc. | F. H. Revell, |
| Date of publication, distribution, etc. | c1979 |
| 300 ## - PHYSICAL DESCRIPTION | |
| Extent | 222 p. ; |
| Dimensions | 22 cm |
| 500 ## - GENERAL NOTE | |
| General note | Includes index |
| 504 ## - BIBLIOGRAPHY, ETC. NOTE | |
| Bibliography, etc. note | Bibliography: p. 216-218 |
| 650 #0 - SUBJECT ADDED ENTRY--TOPICAL TERM | |
| Topical term or geographic name entry element | Work |
| General subdivision | Psychological aspects |
| 700 10 - ADDED ENTRY--PERSONAL NAME | |
| Personal name | Juroe, David J., |
| Relator term | joint author |
| 942 ## - ADDED ENTRY ELEMENTS (KOHA) | |
| Source of classification or shelving scheme | Dewey Decimal Classification |
| Koha item type | Books |
| Withdrawn status | Lost status | Source of classification or shelving scheme | Damaged status | Not for loan | Collection code | Home library | Current library | Shelving location | Date acquired | Total Checkouts | Full call number | Barcode | Date last seen | Price effective from | Koha item type |
|---|---|---|---|---|---|---|---|---|---|---|---|---|---|---|---|
| Dewey Decimal Classification | Non-fiction | Harvest Mission College | Harvest Mission College | General Stacks | 21.01.2021 | 301.55 EN58W | 010792 | 21.01.2021 | 21.01.2021 | Books |
